Para ser hijos de Dios. Un estudio exegético de Juan 8,44.

Saved in:
Bibliografiske detaljer
Hovedforfatter: Sarasa Gallego, Luis Guillermo (autor)
Format: Ukendt
Sprog:engelsk
Udgivet: Bogotá, D.C., Colombia: Pontificia Universidad Javeriana, 2005.
Udgivelse:1a. edición.
Serier:Colección Teológica Hoy,
Fag:
Tags: Tilføj Tag
Ingen Tags, Vær først til at tagge denne postø!

MARC

LEADER 00000 a2200000 4500
003 CL-VaPUC
005 20230418101211.0
008 230412t2005 ||||| |||| 00| 0 eng d
999 |c 439735  |d 439733 
020 |a 978-958-683-805-6 
040 |c Pontificia Universidad Católica de Valparaíso 
082 |2 22  |a 226.5 SAR 2005 
100 |a Sarasa Gallego, Luis Guillermo  |9 881386  |e autor 
245 |a Para ser hijos de Dios.  |b Un estudio exegético de Juan 8,44.  
250 |a 1a. edición. 
260 |a Bogotá, D.C., Colombia:  |b Pontificia Universidad Javeriana,   |c 2005. 
300 |a 91 páginas. 
490 |a Colección Teológica Hoy,   |n  50. 
583 |k GC  |c 20230412 
650 0 |9 536353  |a Evangelio de San Juan   |x Análisis e interpretación  |x Versículo 44  |x Idioma hebreo   |x Traducciones  
650 0 |9 314864  |a Evangelios  |x Biblia   |x Nuevo Testamento 
942 |2 ddc  |c BK 
952 |0 0  |1 0  |2 ddc  |4 0  |6 226_500000000000000_SAR_2005  |7 0  |8 A  |9 589428  |a BIBTEO  |b BIBTEO  |c GEN  |d 2023-04-05  |e 178  |g 4319.35  |i 5656870  |o 226.5 SAR 2005  |p 5656870  |r 2025-01-17  |t 1  |v 4319.35  |w 2023-04-05  |y BK  |k ICR